LEADER 01351nam--2200397---450- 001 990000588620203316 005 20091216161526.0 010 $a88-14-09010-6 035 $a0058862 035 $aUSA010058862 035 $a(ALEPH)000058862USA01 035 $a0058862 100 $a20010824d2001----km-y0itay0103----ba 101 $aita 102 $aIT 105 $a||||||||001yy 200 1 $a<>accertamento della filiazione naturale$eil giudizio di ammissibilità e di merito, la prova del DNA, la fecondazione artificiale ... 210 $aMilano$cGiuffrè$d2001 215 $aXIII, 244 p.$d22 cm 225 2 $aTeoria e pratica del diritto$hSez.1$i,Diritto e procedura civile$v95 410 0$12001$aTeoria e pratica del diritto$v95 606 $aFiliazione 676 $a346.45017 700 1$aTHOMAS,$bRoberto$0264135 801 0$aIT$bsalbc$gISBD 912 $a990000588620203316 951 $aXXV.1. Coll. 15/ 103 (Coll ZJ/I 95)$b30590 G.$cXXV.1. Coll. 15/ 103 (Coll ZJ/I)$d00075782 959 $aBK 969 $aGIU 979 $aANGELA$b90$c20010824$lUSA01$h1337 979 $aANGELA$b90$c20010824$lUSA01$h1340 979 $c20020403$lUSA01$h1708 979 $aPATRY$b90$c20040406$lUSA01$h1641 979 $aRSIAV4$b90$c20091216$lUSA01$h1615 996 $aAccertamento della filiazione naturale$9145050 997 $aUNISA LEADER 00959nam--2200361---450- 001 990003425460203316 005 20100714111714.0 010 $a978-0-8232-3034-1 035 $a000342546 035 $aUSA01000342546 035 $a(ALEPH)000342546USA01 035 $a000342546 100 $a20100714d2009----km-y0itay50------ba 101 $aeng 102 $aUS 105 $a||||||||001yy 200 1 $aFor Derrida$fJ. Hillis Miller 210 $aNew York$cFordham University Press$d2009 215 $aXXIII, 358 p.$d23 cm 410 0$12001 454 1$12001 461 1$1001-------$12001 600 1 $aDerrida,$bJacques$2BNCF 676 $a194 700 1$aMILLER,$bJ. Hillis$0251308 801 0$aIT$bsalbc$gISBD 912 $a990003425460203316 951 $aII.1.D. 5144$b4148 L.G.$cII.1.D.$d00280586 959 $aBK 969 $aUMA 979 $aMARTUCCIEL$b90$c20100714$lUSA01$h1117 996 $aFor Derrida$91109928 997 $aUNISA